00377nam a22001337a 4500008004100000020001500041050002600056100002500082245004900107250001300156260003100169300002700200650001600227180815b xxu||||| |||| 00| 0 eng d a0155080474 aBF121b .S74 2000 c.1 aSternberg, Robert J. aPathways to Psychologyc Robert J. Sternberg a2nd ed.  aAustraliabWadsworthc2000 a1vol. (various paging) aPsychology